[Event "It (open)"]
[Site "masterchessopen.com Parthenay (France)"]
[Round "5"]
[White "Whiteley Andrew J (ENG)"]
[Black "Degraeve Jean-Marc (FRA)"]
[Result "0-1"]
[WhiteElo "2280"]
[BlackElo "2465"]

1.d4 g6 2.c4 Bg7 3.Nf3 Nf6 4.g3 O-O 5.Bg2 d6 6.O-O c6 7.Nc3 Nbd7 8.e4 e5 9.h3
Qb6 10.Re1 exd4 11.Nxd4 Ne8 12.Nc2 Ne5 13.Bf1 Be6 14.Na3 Rd8 15.Na4 Qb4 16.Kg2
d5 17.Bd2 Qe7 18.cxd5 cxd5 19.f4 dxe4 20.fxe5 Bxe5 21.Qc2 Qd7 22.Rad1 Bxh3+
23.Kg1 Bxf1 24.Bb4 Bd3 25.Rxe4 Bd4+ {#R} 0-1

[Event "It (a)"]
[Site "masterchessopen.com Ptuj (Slovenia)"]
[Round "8"]
[White "Petrosian Arshak B (ARM)"]
[Black "Zheliandinov Viktor (UKR)"]
[Result "1-0"]
[WhiteElo "2485"]
[BlackElo "2390"]

1.d4 Nf6 2.c4 g6 3.g3 Bg7 4.Bg2 c6 5.Nf3 O-O 6.Nc3 d6 7.O-O Nbd7 8.e4 e5 9.h3
Re8 10.Be3 exd4 11.Nxd4 Nc5 12.Qc2 a5 13.Nb3 Nfd7 14.Rad1 Qe7 15.Nxc5 Nxc5
16.Bd4 a4 17.Bxg7 Kxg7 18.Rd4 h5 19.Rfd1 h4 20.g4 Be6 21.f4 Rad8 22.Qf2 b6
23.g5 f6 24.gxf6+ Qxf6 25.Rxd6 Rxd6 26.Rxd6 Rf8 27.Rxc6 Nd3 28.Rxe6 Nxf2
29.Rxf6 Nxh3+ 30.Bxh3 Rxf6 {#r} 1-0

[Event "It (open)"]
[Site "masterchessopen.com Seefeld (Austria)"]
[Round "7"]
[White "Born Mario (GER)"]
[Black "Galonska Joern (GER)"]
[Result "1-0"]
[WhiteElo "2192"]
[BlackElo "2291"]

1.d4 Nf6 2.Nf3 g6 3.g3 Bg7 4.c4 O-O 5.Bg2 d6 6.O-O Nbd7 7.Nc3 c6 8.e4 e5 9.h3
Qb6 10.c5 dxc5 11.dxe5 Ne8 12.Na4 Qc7 13.Bf4 Nxe5 14.Nxc5 Nxf3+ 15.Qxf3 Qe7
16.Nd3 Nc7 17.Rad1 Ne6 18.Bd2 Rd8 19.Qe3 Bd4 20.Qf3 c5 21.Kh2 b6 22.Bc3 Ba6
23.Rfe1 Ng5 24.Qe2 Rd7 25.Qc2 Bxc3 26.bxc3 Rad8 27.Nf4 h5 28.Nd5 Qe6 29.h4 Nh7
30.Bh3 f5 31.exf5 {#r} 1-0

[Event "Ch Romania (juniors)"]
[Site "masterchessopen.com Singeorz (Romania)"]
[Round "0"]
[White "Danilov Ilie Vladimir (ROM)"]
[Black "Petre Nad-Titus (ROM)"]
[Result "0-1"]
[WhiteElo "2441"]
[BlackElo "2345"]

1.d4 Nf6 2.c4 g6 3.Nf3 Bg7 4.g3 O-O 5.Bg2 d6 6.Nc3 Nbd7 7.O-O e5 8.e4 c6 9.h3
Qb6 10.Re1 exd4 11.Nxd4 Ne8 12.Nde2 Ne5 13.b3 f5 14.Be3 Qa5 15.f4 Nxc4 16.bxc4
Bxc3 17.Nxc3 Qxc3 18.c5 Qa3 19.cxd6 Nxd6 20.Rc1 Nxe4 21.Bxe4 fxe4 22.Rc2 Bxh3
23.Kh2 Rfd8 24.Qb1 Bc8 25.Rc4 Be6 26.Rc2 Rd7 27.Bf2 Qf3 28.Rce2 Rd5 {#R} 0-1

[Event "Ch Slovenia (team)"]
[Site "masterchessopen.com Slovenia"]
[Round "0"]
[White "Stojnic Miodrag (SLO)"]
[Black "Pinter Andrej (SLO)"]
[Result "0-1"]
[WhiteElo "2150"]
[BlackElo "2064"]

1.Nf3 Nf6 2.d4 g6 3.c4 Bg7 4.Nc3 O-O 5.g3 d6 6.Bg2 Nbd7 7.e4 e5 8.O-O c6 9.h3
Qa5 10.Re1 exd4 11.Nxd4 Ne5 12.Bf1 Re8 13.Nf3 Nfd7 14.Nxe5 Nxe5 15.Kh1 Be6
16.Bf4 Nxc4 17.Bxc4 Bxc4 18.Qxd6 Rad8 19.Qc7 Qxc7 20.Bxc7 Rd2 21.e5 Rxf2 22.b3
Be6 23.Ne4 Rc2 24.Nf6+ Bxf6 25.exf6 Bd5+ 26.Kg1 Re6 27.Bd6 Rg2+ 28.Kh1 Rge2+
{#R} 0-1

[Event "It (open)"]
[Site "masterchessopen.com St. Ingbert (Germany)"]
[Round "8"]
[White "Blechzin Igor (RUS)"]
[Black "Moehrmann Marcus (GER)"]
[Result "1-0"]
[WhiteElo "2442"]
[BlackElo "2059"]

1.d4 Nf6 2.Nf3 g6 3.c4 Bg7 4.g3 O-O 5.Bg2 d6 6.O-O Nbd7 7.Nc3 c6 8.e4 e5 9.h3
Re8 10.Re1 Qb6 11.Re2 a5 12.Be3 Qa6 13.Rc1 exd4 14.Nxd4 Nc5 15.Bf4 Ne6 16.Nxe6
Bxe6 17.b3 Rad8 18.Bxd6 b5 19.e5 Nh5 20.cxb5 cxb5 21.Nd5 Bxd5 22.Bxd5 Bf8
23.Rc6 Qa8 24.Rc7 Rxd6 25.exd6 {#r} 1-0

[Event "Ch Europe (juniors) (under 20) (g)"]
[Site "masterchessopen.com Svitavy (Czech Republic)"]
[Round "7"]
[White "Lymar Irina (UKR)"]
[Black "Dworakowska Joanna (POL)"]
[Result "1-0"]
[WhiteElo "2245"]
[BlackElo "2306"]

1.d4 Nf6 2.Nf3 g6 3.c4 Bg7 4.g3 O-O 5.Bg2 d6 6.O-O Nbd7 7.Nc3 e5 8.h3 c6 9.e4
exd4 10.Nxd4 Qb6 11.Rb1 Nxe4 12.Nxe4 Bxd4 13.Nxd6 Ne5 14.b4 c5 15.bxc5 Qxc5
16.Rb5 Qxd6 17.Rd5 Qb6 18.Rxd4 Bxh3 19.Rd6 Bg4 20.Qd5 Nf3+ 21.Bxf3 Bxf3 22.Qe5
Rfe8 23.Qf6 Qc5 24.Bb2 Kf8 25.Rd7 {#r} 1-0

[Event "It (open) \"]
[Site "masterchessopen.com Toronto (Canada)"]
[Round "0"]
[White "Alipayo Rodulfo (CAN)"]
[Black "Livshits Ron (CAN)"]
[Result "0-1"]
[WhiteElo "2380"]
[BlackElo "2336"]

1.Nf3 Nf6 2.g3 g6 3.Bg2 Bg7 4.O-O O-O 5.c4 d6 6.Nc3 e5 7.d4 Nbd7 8.h3 c6 9.e4
Qb6 10.Qc2 exd4 11.Na4 Qa6 12.Nxd4 Nxe4 13.Nxc6 bxc6 14.Bxe4 Ne5 15.Bf4 Bxh3
16.Rfd1 Rad8 17.Rac1 Qc8 18.Bxe5 Bxe5 19.Nc3 f5 20.Bg2 f4 {#R} 0-1

[Event "Ch Turkey"]
[Site "masterchessopen.com Turkey"]
[Round "14"]
[White "Bilyap Enis (TUR)"]
[Black "Soylu Suat (TUR)"]
[Result "0-1"]
[WhiteElo "2128"]
[BlackElo "2409"]

1.Nf3 Nf6 2.g3 g6 3.Bg2 Bg7 4.O-O O-O 5.c4 d6 6.Nc3 e5 7.d4 Nbd7 8.e4 c6 9.h3
Qa5 10.Rb1 Qb4 11.dxe5 Nxe5 12.Nxe5 dxe5 13.Qa4 a5 14.a3 Qe7 15.b4 Be6 16.bxa5
Rfb8 17.Be3 Bf8 18.Bb6 Nd7 19.c5 Nxb6 20.Rxb6 Qxc5 21.Qb4 Qxa5 22.Qxa5 Rxa5
23.a4 Bc5 24.Rbb1 Bd4 25.Rfc1 Bd7 26.Rb4 Rc5 27.Ne2 Rxc1+ 28.Nxc1 c5 29.Rc4
Ra8 30.Nd3 b6 31.Bf1 Be6 {#R} 0-1

[Event "It (open)"]
[Site "masterchessopen.com Werfen (Austria)"]
[Round "3"]
[White "Supatashvili Khvicha (GEO)"]
[Black "Raubal Martin (AUT)"]
[Result "1-0"]
[WhiteElo "2450"]
[BlackElo "2202"]

1.d4 Nf6 2.c4 g6 3.Nf3 Bg7 4.g3 O-O 5.Bg2 d6 6.O-O Nbd7 7.Nc3 e5 8.h3 c6 9.e4
Qb6 10.c5 dxc5 11.dxe5 Ne8 12.e6 fxe6 13.Ng5 Bxc3 14.bxc3 e5 15.Be3 Rf6 16.f4
Rd6 17.Qf3 Rf6 18.Qe2 Qb5 19.c4 Qa5 20.Bd2 Qb6 21.fxe5 Nxe5 22.Rxf6 Nxf6
23.Rf1 Nh5 24.Qf2 Bd7 25.Nf7 Nxc4 26.Nh6+ Kh8 27.Bg5 Qb2 28.Qf8+ {#r} 1-0

[Event "Oberliga Baden 1993/94"]
[Site "masterchessopen.com Germany"]
[Date "1993.10.17"]
[Round "2"]
[White "Klumpp Jochen (GER)"]
[Black "Kurz Ralf (GER)"]
[Result "1-0"]
[WhiteElo "2089"]
[BlackElo "2088"]

1.d4 Nf6 2.Nf3 d6 3.c4 g6 4.g3 Bg7 5.Bg2 O-O 6.O-O Nbd7 7.Nc3 e5 8.e4 c6 9.h3
Qc7 10.Be3 Kh8 11.Qd2 Ng8 12.Rad1 f5 13.exf5 Rxf5 14.b3 Rf8 15.Ng5 exd4
16.Bxd4 Ndf6 17.Be3 h6 18.Nge4 Ne8 19.Ne2 Bf5 20.Nxd6 Nxd6 21.Qxd6 Qa5 22.Qd2
Qc7 23.Bd4 Nf6 24.Qb2 Kh7 25.Be5 Qb6 26.g4 Be6 27.Rd6 Rae8 28.Nf4 Ne4 29.Rxe6
Rxf4 30.Rxe8 Nxf2 31.Rxf2 {#r} 1-0

[Event "It (open)"]
[Site "masterchessopen.com Cappelle la Grande (France)"]
[Round "2"]
[White "Whiteley Andrew J (ENG)"]
[Black "Tkachiev Vladislav (FRA)"]
[Result "0-1"]
[WhiteElo "2280"]
[BlackElo "2535"]

1.d4 Nf6 2.c4 g6 3.Nf3 Bg7 4.g3 O-O 5.Bg2 d6 6.O-O Nbd7 7.Nc3 e5 8.e4 c6 9.h3
Qb6 10.Re1 exd4 11.Nxd4 Ne8 12.Nde2 Qb4 13.Qb3 a5 14.Bg5 Nc5 15.Qc2 f5 16.Rad1
Qxc4 17.Be7 Rf7 18.Bxd6 Nxd6 19.Rxd6 Nxe4 20.Rd8+ Rf8 21.Rxf8+ Bxf8 22.Bxe4
fxe4 23.g4 e3 24.fxe3 Be6 25.b3 Qc5 26.Qe4 Re8 27.Qd4 Bf7 28.Kf2 Qe7 29.Qf4
Bg7 30.Rf1 Bxb3 {#R} 0-1

[Event "It (open) \"]
[Site "masterchessopen.com Cologne (Germany)"]
[Round "4"]
[White "Barten Ralf (GER)"]
[Black "Henk Martin (GER)"]
[Result "1-0"]
[WhiteElo "2049"]
[BlackElo "2065"]

1.c4 Nf6 2.Nc3 g6 3.g3 Bg7 4.Bg2 O-O 5.Nf3 d6 6.d4 Nbd7 7.O-O e5 8.e4 c6 9.h3
Qc7 10.Be3 Re8 11.Re1 exd4 12.Nxd4 Nc5 13.Qc2 a5 14.Rad1 Bd7 15.Rd2 Rad8
16.Kh2 h6 17.Red1 Bc8 18.Ndb5 cxb5 19.Nxb5 Qe7 20.Rxd6 b6 21.e5 Nfd7 22.f4 Na6
23.Qd2 Kh7 24.b3 Nab8 25.Nc7 Qf8 26.Bxb6 Nxb6 27.Nxe8 Rxe8 28.Rxb6 Nd7 29.Rd6
Nc5 30.Bc6 Re7 31.Rd8 {#r} 1-0

[Event "Ch URS (team) (corr.)"]
[Site "masterchessopen.com corr."]
[Round "0"]
[White "Rogozenko Dorian (ROM)"]
[Black "Seredenko Vladimir (KAZ)"]
[Result "0-1"]
[WhiteElo "2405"]
[BlackElo "2343"]

1.Nf3 Nf6 2.c4 g6 3.g3 Bg7 4.Bg2 d6 5.d4 O-O 6.Nc3 Nbd7 7.O-O e5 8.e4 c6 9.h3
Qb6 10.dxe5 dxe5 11.Qc2 Ne8 12.Na4 Qa6 13.Rd1 b6 14.Be3 Nc7 15.b4 Ne6 16.c5
Re8 17.Bf1 Qb7 18.cxb6 axb6 19.Rd6 b5 20.Nb2 Nd4 21.Nxd4 exd4 22.Bxd4 Ne5
23.Bg2 Bxh3 24.Nd3 Bxg2 25.Kxg2 Qe7 {#R} 0-1

[Event "Czech League 1994/95 (2nd) (a)"]
[Site "masterchessopen.com Czech Republic"]
[Round "4"]
[White "Horak Otakar (CZE)"]
[Black "Tichy Miroslav (CZE)"]
[Result "1-0"]
[WhiteElo "2126"]
[BlackElo "2000"]

1.d4 Nf6 2.c4 g6 3.Nc3 Bg7 4.Nf3 d6 5.g3 O-O 6.Bg2 Nbd7 7.O-O c6 8.h3 e5 9.e4
Qb6 10.dxe5 dxe5 11.Qc2 Re8 12.Be3 Qc7 13.Rfd1 Bf8 14.a3 Nc5 15.b4 Ne6 16.c5
Bd7 17.Na4 Rad8 18.Nb2 Bc8 19.Nc4 Rxd1+ 20.Rxd1 Nd7 21.Bc1 Bg7 22.Bb2 f6
23.Nd6 Re7 24.Bf1 Bf8 25.Bc4 Kg7 26.Qd2 Nb8 27.Nxe5 Ng5 28.Qxg5 {#r} 1-0

[Event "Oberliga Northwest 1994/95"]
[Site "masterchessopen.com Germany"]
[Round "0"]
[White "Klostermann Markus (GER)"]
[Black "Teuchert Bernd (GER)"]
[Result "0-1"]
[WhiteElo "2295"]
[BlackElo "2131"]

1.Nf3 g6 2.g3 Bg7 3.d4 Nf6 4.c4 O-O 5.Bg2 d6 6.Nc3 Nbd7 7.O-O e5 8.h3 c6 9.e4
exd4 10.Nxd4 Re8 11.Re1 a5 12.Qc2 Nc5 13.Nb3 Nfd7 14.Bf4 Be5 15.Be3 a4 16.Nxc5
Nxc5 17.Rad1 Qa5 18.f4 Bg7 19.Rxd6 a3 20.Rc1 axb2 {#R} 0-1

[Event "Ch City"]
[Site "masterchessopen.com Graz (Austria)"]
[Round "2"]
[White "Krebs Johann (AUT)"]
[Black "Wallner Dieter (AUT)"]
[Result "0-1"]
[WhiteElo "2284"]
[BlackElo "2130"]

1.d4 Nf6 2.c4 g6 3.Nf3 Bg7 4.g3 O-O 5.Bg2 d6 6.O-O Nbd7 7.Nc3 e5 8.h3 c6 9.e4
Qa5 10.Re1 exd4 11.Nxd4 Ne5 12.Bf1 Re8 13.Be3 Be6 14.Nxe6 Rxe6 15.Kg2 Rae8
16.Qd2 a6 17.c5 dxc5 18.f4 Rd8 19.Qc2 Ned7 20.Bc4 Ree8 21.e5 Nd5 22.Bxd5 cxd5
23.Nxd5 Nxe5 24.Rad1 Rxd5 25.Rxd5 Qxe1 26.Bf2 Nf3 27.Qd3 Bd4 28.Rxd4 cxd4
29.Kxf3 Qh1+ 30.Kg4 Qd5 {#R} 0-1

[Event "It (open)"]
[Site "masterchessopen.com Helsinki (Finland)"]
[Round "2"]
[White "Aijala Jouko (FIN)"]
[Black "Mustonen Ilkka (FIN)"]
[Result "1-0"]
[WhiteElo "2133"]
[BlackElo "2030"]

1.Nf3 Nf6 2.c4 g6 3.g3 Bg7 4.Bg2 O-O 5.O-O d6 6.d4 Nbd7 7.Nc3 e5 8.e4 c6 9.h3
Re8 10.Be3 exd4 11.Nxd4 Nc5 12.Qc2 Qe7 13.Rfe1 a5 14.Rad1 Qc7 15.Rd2 Ne6
16.Red1 Nxd4 17.Rxd4 Nh5 18.Rxd6 f5 19.Qd2 Be6 20.exf5 gxf5 21.Bf3 Qf7 22.Ne2
Bxc4 23.Rd7 Qg6 24.Bxh5 Qxh5 25.Rxg7+ Kxg7 26.Qd4+ Kf8 27.Qxc4 Rxe3 28.fxe3
Qf3 29.Rd7 Qxe3+ 30.Kg2 Qe8 31.Rxh7 {#r} 1-0

[Event "Ch Hungary (team) 1993/94"]
[Site "masterchessopen.com Hungary"]
[Round "0"]
[White "Korpics Zsolt (HUN)"]
[Black "Kocsis Gyorgy (HUN)"]
[Result "1-0"]
[WhiteElo "2295"]
[BlackElo "2289"]

1.d4 Nf6 2.c4 g6 3.Nf3 Bg7 4.g3 O-O 5.Bg2 d6 6.Nc3 Nbd7 7.O-O e5 8.h3 c6 9.e4
Qa5 10.Re1 exd4 11.Nxd4 Ne5 12.Bf1 Re8 13.Be3 Be6 14.Nxe6 Rxe6 15.Rb1 Rae8
16.b4 Qc7 17.Rc1 h5 18.Nd5 Qd8 19.Nxf6+ Qxf6 20.Bg2 Qe7 21.c5 Rd8 22.Qb3 Qf6
23.f4 Nd7 24.cxd6 g5 25.e5 Nxe5 26.fxe5 Qxe5 27.Bf2 Qxd6 28.Rxe6 fxe6 29.Re1
{#r} 1-0

[Event "It (open) \"]
[Site "masterchessopen.com Leipzig (Germany)"]
[Round "0"]
[White "Klee Mario (GER)"]
[Black "Bindrich Oswald (GER)"]
[Result "0-1"]
[WhiteElo "2173"]
[BlackElo "2176"]

1.d4 g6 2.c4 Bg7 3.Nc3 d6 4.g3 Nf6 5.Bg2 O-O 6.Nf3 Nbd7 7.O-O c6 8.h3 e5 9.e4
Re8 10.Be3 exd4 11.Nxd4 Nc5 12.Qc2 Qe7 13.Rae1 a5 14.Nb3 Ncd7 15.f4 a4 16.Nd2
a3 17.b3 Nc5 18.Bxc5 dxc5 19.e5 Nd7 20.Nf3 Nf8 21.g4 Ne6 22.Qe4 Bh6 23.g5 Bf8
24.Qe3 Ng7 25.Ne4 Rd8 26.Nf6+ Kh8 27.Qf2 Nf5 28.Nh2 Rd3 29.Rd1 Qd8 30.Qe2 Qd4+
{#R} 0-1

[Event "It (open)"]
[Site "masterchessopen.com Lenk (Switzerland)"]
[Round "4"]
[White "Almada Enrique (SUI)"]
[Black "Mueller Leonhard (NAM)"]
[Result "1-0"]
[WhiteElo "2349"]
[BlackElo "2163"]

1.d4 Nf6 2.Nf3 g6 3.c4 Bg7 4.g3 O-O 5.Bg2 d6 6.O-O Nbd7 7.Nc3 e5 8.e4 c6 9.h3
Qb6 10.c5 dxc5 11.dxe5 Ne8 12.e6 fxe6 13.Ng5 Ne5 14.f4 c4+ 15.Kh2 Nd3 16.e5
Nxb2 17.Qc2 Nd3 18.Ba3 Qc7 19.Be4 c5 20.Nb5 Qe7 21.Qxc4 a6 22.Bxd3 axb5
23.Qxc5 Qd8 24.Rad1 b6 25.Qc1 b4 26.Be4 Qxd1 27.Rxd1 Rxa3 28.Qxc8 Rxa2+ 29.Kg1
{#r} 1-0

[Event "It (open) \"]
[Site "masterchessopen.com Mlada Boleslav (Czech Republic)"]
[Round "0"]
[White "Epishin Vladimir (GER)"]
[Black "Janjgava Natia (GEO)"]
[Result "1-0"]
[WhiteElo "2650"]
[BlackElo "2306"]

1.d4 Nf6 2.c4 g6 3.Nc3 Bg7 4.g3 O-O 5.Bg2 d6 6.Nf3 c6 7.O-O Nbd7 8.e4 e5 9.h3
exd4 10.Nxd4 Re8 11.Rb1 Nc5 12.Re1 a5 13.Re2 h6 14.b3 Qb6 15.Ba3 Ncxe4 16.Bxe4
Nxe4 17.Nxe4 Bxh3 18.Nxd6 Rxe2 19.Nxe2 Bg4 20.Qd2 Qd8 21.c5 Qe7 22.Re1 Qf6
23.Qe3 {#r} 1-0

[Event "Olympiad"]
[Site "masterchessopen.com Moscow (Russia)"]
[Round "1"]
[White "Manninen Marko (FIN)"]
[Black "Vergara Jose (FRA)"]
[Result "1-0"]
[WhiteElo "2385"]
[BlackElo "2152"]

1.d4 Nf6 2.c4 g6 3.g3 Bg7 4.Bg2 O-O 5.Nc3 d6 6.Nf3 Nbd7 7.O-O c6 8.e4 e5 9.h3
Re8 10.Be3 exd4 11.Nxd4 Nb6 12.b3 d5 13.exd5 cxd5 14.c5 Nbd7 15.Ndb5 b6 16.Nd6
Rxe3 17.fxe3 Nxc5 18.Nxd5 Be6 19.Nxf6+ Bxf6 20.Rxf6 Qxf6 21.Bxa8 Qe5 22.Kh2
Qxe3 23.Bg2 Nd3 24.Ne4 f5 25.Qd2 Qd4 26.Nc3 f4 27.gxf4 Bf5 28.Re1 h5 29.Re5
Qd7 30.Rd5 {#r} 1-0

[Event "NRW-liga (juniors) 1993/94"]
[Site "masterchessopen.com NRW (Germany)"]
[Round "0"]
[White "Dietzel Jan (GER)"]
[Black "Matthaei Alexander (GER)"]
[Result "0-1"]
[WhiteElo "2313"]
[BlackElo "2295"]

1.Nf3 Nf6 2.g3 d6 3.d4 g6 4.Bg2 Bg7 5.O-O O-O 6.c4 Nbd7 7.Nc3 e5 8.e4 c6 9.h3
Qb6 10.b3 exd4 11.Na4 Qa5 12.Nxd4 Re8 13.Re1 Nxe4 14.Rxe4 Rxe4 15.Bxe4 Qe5
16.Bb2 Qxe4 17.Qd2 Ne5 18.Re1 Qxd4 19.Bxd4 Nf3+ 20.Kh1 Nxd2 21.Re8+ Bf8 22.Be3
b5 23.Nb2 Nf3 {#R} 0-1

[Event "Ch Czech Chess Union (open)"]
[Site "masterchessopen.com Prague (Czech Republic)"]
[Round "7"]
[White "Miskovsky Pavel (CZE)"]
[Black "Vacek Radomir (CZE)"]
[Result "1-0"]
[WhiteElo "2109"]
[BlackElo "2092"]

1.c4 g6 2.Nc3 Bg7 3.g3 Nf6 4.Bg2 O-O 5.Nf3 d6 6.d4 Nbd7 7.O-O e5 8.e4 c6 9.h3
a5 10.Be3 exd4 11.Nxd4 Nc5 12.e5 Ne8 13.exd6 Bxd4 14.Qxd4 Ne6 15.Qd2 Nxd6
16.Rad1 Nf5 17.Qxd8 Nxd8 18.Bc5 Re8 19.Ne4 Kg7 20.g4 Ne6 21.gxf5 {#r} 1-0

[Event "It (open)"]
[Site "masterchessopen.com Sarospatak (Hungary)"]
[Round "0"]
[White "Deak Sandor (HUN)"]
[Black "Suto Gabor (HUN)"]
[Result "1-0"]
[WhiteElo "2299"]
[BlackElo "2184"]

1.d4 Nf6 2.c4 g6 3.g3 Bg7 4.Bg2 O-O 5.Nc3 d6 6.Nf3 Nbd7 7.O-O e5 8.h3 c6 9.e4
h6 10.Be3 Re8 11.Qd2 Kh7 12.Rad1 exd4 13.Nxd4 Nc5 14.f3 Qe7 15.Rfe1 a5 16.Bf4
Nh5 17.Nf5 gxf5 18.Bxd6 Qg5 19.Qf2 Na6 20.exf5 {#r} 1-0

[Event "It (open)"]
[Site "masterchessopen.com Sarospatak (Hungary)"]
[Round "0"]
[White "Gyorfi Lajos (HUN)"]
[Black "Dancs Zsolt (HUN)"]
[Result "1-0"]
[WhiteElo "2189"]
[BlackElo "2156"]

1.d4 Nf6 2.Nf3 g6 3.c4 Bg7 4.g3 O-O 5.Bg2 c6 6.O-O d6 7.Nc3 Nbd7 8.h3 e5 9.e4
exd4 10.Nxd4 Nc5 11.Be3 Re8 12.Qc2 Qc7 13.Rad1 Ne6 14.Qd2 Nc5 15.Qc2 Ne6
16.Rd2 Nxd4 17.Bxd4 Be6 18.b3 Rad8 19.Rfd1 Rd7 20.f4 Red8 21.Kh2 Nh5 22.Bf3
Nf6 23.Rd3 Re7 24.Bxf6 Bxf6 25.e5 {#r} 1-0

[Event "Ch Slovakia"]
[Site "masterchessopen.com Topolcianky (Slovakia)"]
[Round "1"]
[White "Horvath Mario (SVK)"]
[Black "Hlinka Vasil (SVK)"]
[Result "0-1"]
[WhiteElo "2300"]
[BlackElo "2132"]

1.d4 Nf6 2.c4 g6 3.g3 Bg7 4.Bg2 d6 5.Nc3 O-O 6.Nf3 Nbd7 7.O-O e5 8.e4 c6 9.h3
a5 10.Be3 Re8 11.Qc2 exd4 12.Bxd4 Nc5 13.Rfe1 Ne6 14.Be3 Nd7 15.Rad1 Qe7
16.Qd2 Ne5 17.b3 Nxf3+ 18.Bxf3 Qf6 {#R} 0-1

[Event "It (open)"]
[Site "masterchessopen.com Buenos Aires (Argentina)"]
[Round "6"]
[White "Ricardi Pablo (ARG)"]
[Black "Casafus Ruben (ARG)"]
[Result "1-0"]
[WhiteElo "2545"]
[BlackElo "2390"]

1.d4 Nf6 2.c4 d6 3.Nc3 e5 4.Nf3 Nbd7 5.g3 g6 6.Bg2 Bg7 7.O-O O-O 8.h3 c6 9.e4
exd4 10.Nxd4 Re8 11.b3 Nc5 12.Re1 a5 13.Rb1 d5 14.cxd5 Nxd5 15.exd5 Rxe1+
16.Qxe1 Bxd4 17.Be3 Nd3 18.Qd2 Bxe3 19.Qxe3 Nb4 20.dxc6 Nxc6 21.Rd1 Qf8 22.Qb6
Qb4 23.Nd5 Qd6 24.Qc7 {#r} 1-0

[Event "It (open) (b)"]
[Site "masterchessopen.com Frydek-Mistek (Czech Republic)"]
[Round "0"]
[White "Lepik Jaroslav (CZE)"]
[Black "Korolchuk Nikolav (BLR)"]
[Result "0-1"]
[WhiteElo "2002"]
[BlackElo "2235"]

1.d4 Nf6 2.Nf3 g6 3.g3 Bg7 4.Bg2 d6 5.O-O O-O 6.c4 Nbd7 7.Nc3 e5 8.h3 c6 9.e4
Ne8 10.Be3 f5 11.Qd2 Nef6 12.dxe5 Nxe4 13.Nxe4 fxe4 14.Ng5 Nxe5 15.Nxe4 Nxc4
16.Qb4 Nxe3 17.fxe3 d5 18.Qb3 Bf5 19.Nf2 Qb6 20.e4 Qxb3 21.axb3 dxe4 22.Nxe4
Bxb2 23.Rad1 Rad8 24.g4 Be6 25.Ng5 Rxf1+ 26.Rxf1 Bxb3 27.Rb1 {#R} 0-1

[Event "It (open)"]
[Site "masterchessopen.com Fuzesabony (Hungary)"]
[Round "6"]
[White "Timar Zsolt (HUN)"]
[Black "Toth Mihaly (HUN)"]
[Result "1-0"]
[WhiteElo "2119"]
[BlackElo "2049"]

1.d4 Nf6 2.c4 g6 3.Nc3 Bg7 4.g3 O-O 5.Bg2 d6 6.Nf3 Nbd7 7.O-O c6 8.h3 e5 9.e4
exd4 10.Nxd4 Re8 11.Be3 Nc5 12.f3 Qc7 13.Qd2 Nh5 14.Nde2 a5 15.Rad1 Be6 16.b3
Rad8 17.Bd4 f5 18.g4 Nf6 19.Qe3 fxe4 20.fxe4 Nfd7 21.Bxg7 Kxg7 22.Qd4+ Ne5
23.Nf4 Kg8 24.Nxe6 Rxe6 25.Rf2 Qg7 26.Qxc5 Nxg4 27.hxg4 Qxc3 28.Qg5 Rde8
29.Rdf1 Qd4 30.Qd2 Qc5 31.Kh1 g5 {#r} 1-0

[Event "Oberliga North 1994/95"]
[Site "masterchessopen.com Germany"]
[Round "0"]
[White "Tatenhorst Volker (GER)"]
[Black "Sobisch Reinhard (GER)"]
[Result "1-0"]
[WhiteElo "2213"]
[BlackElo "2085"]

1.d4 Nf6 2.c4 g6 3.Nf3 Bg7 4.g3 O-O 5.Bg2 d6 6.O-O Nbd7 7.Nc3 e5 8.e4 c6 9.h3
Qb6 10.d5 Nc5 11.Re1 cxd5 12.cxd5 Bd7 13.Rb1 a5 14.Be3 Rfc8 15.Nd2 Ne8 16.Nb3
a4 17.Nxc5 dxc5 18.b4 axb3 19.Rxb3 Qa7 20.Qb1 b5 21.Nxb5 Qxa2 22.Qxa2 Rxa2
23.Na3 Nd6 24.Rc1 f5 25.Rxc5 Ra8 26.Nc4 Nxe4 27.Rc7 R8a7 28.Rxa7 Rxa7 {#r} 1-0

[Event "Oberliga Northwest 1995/96"]
[Site "masterchessopen.com Germany"]
[Round "0"]
[White "Franke Reiner (GER)"]
[Black "Jugelt Tobias (GER)"]
[Result "1-0"]
[WhiteElo "2274"]
[BlackElo "2280"]

1.Nf3 g6 2.c4 Bg7 3.d4 Nf6 4.g3 d6 5.Nc3 O-O 6.Bg2 Nbd7 7.O-O e5 8.e4 c6 9.h3
Re8 10.Be3 exd4 11.Nxd4 Nc5 12.Qc2 Qe7 13.Rfe1 a5 14.Rad1 Be6 15.b3 Rad8 16.f4
Bc8 17.Bf2 Qf8 18.a3 Nh5 19.Kh2 f5 20.b4 axb4 21.axb4 Nxe4 22.Nxe4 fxe4
23.Rxe4 Rxe4 24.Qxe4 d5 25.cxd5 Nf6 26.Qc2 Nxd5 27.b5 cxb5 28.Qb3 Qf7 29.Nf3
h6 30.Ne5 {#r} 1-0

[Event "Oberliga NRW 1994/95"]
[Site "masterchessopen.com Germany"]
[Round "0"]
[White "Becker Joerg (GER)"]
[Black "Stuemer Paul (GER)"]
[Result "1-0"]
[WhiteElo "2126"]
[BlackElo "2130"]

1.d4 Nf6 2.Nf3 g6 3.c4 Bg7 4.Nc3 O-O 5.g3 d6 6.Bg2 Nbd7 7.O-O e5 8.e4 c6 9.h3
a5 10.Be3 exd4 11.Nxd4 Nc5 12.Qc2 Re8 13.Nb3 Qe7 14.Rfe1 Ncxe4 15.Nxe4 Nxe4
16.Bxe4 Bxh3 17.Bg2 Bxg2 18.Kxg2 a4 19.Nd4 Qe4+ 20.Qxe4 Rxe4 21.Rad1 Rae8
22.Kf1 h5 23.b3 h4 24.gxh4 Rxh4 25.Nf3 Rg4 26.Rxd6 axb3 27.axb3 Rc8 28.Bb6 Bc3
29.Re3 Bb4 30.Rd4 {#r} 1-0

[Event "Ch World (juniors) (under 20) (g)"]
[Site "masterchessopen.com Halle (Germany)"]
[Round "13"]
[White "Edzgveradze Natalia (GEO)"]
[Black "Bobrowska Monika (POL)"]
[Result "1-0"]
[WhiteElo "2320"]
[BlackElo "2438"]

1.d4 Nf6 2.c4 g6 3.g3 Bg7 4.Bg2 d6 5.Nf3 O-O 6.O-O Nbd7 7.Nc3 e5 8.h3 c6 9.e4
a5 10.Re1 Re8 11.Rb1 exd4 12.Nxd4 Nc5 13.Bf4 Nh5 14.Be3 Qb6 15.Nb3 Qb4 16.Nxc5
dxc5 17.Na4 Rb8 18.b3 Bd4 19.Qc1 Rd8 20.Re2 Bxe3 21.fxe3 Nxg3 22.Rf2 {#r} 1-0

[Event "It (open)"]
[Site "masterchessopen.com Kiekrz"]
[Round "3"]
[White "Zimmermann Rolf (GER)"]
[Black "Wang Jiaquan (CHN)"]
[Result "1-0"]
[WhiteElo "2205"]
[BlackElo "2243"]

1.d4 Nf6 2.c4 g6 3.Nf3 Bg7 4.g3 O-O 5.Bg2 d6 6.O-O Nbd7 7.Nc3 e5 8.e4 c6 9.h3
Qb6 10.Re1 Re8 11.Re2 exd4 12.Nxd4 Ng4 13.Nb3 Nge5 14.Be3 Qb4 15.a3 Qxc4
16.Rd2 Nc5 17.Na5 Qa6 18.b4 Nc4 19.Bf1 Nxe3 20.fxe3 b5 21.Rxd6 Bd7 22.Rc1 Re6
23.Nd5 Nxe4 24.Rxe6 fxe6 25.Ne7+ Kf8 26.Qxd7 Qb6 27.Re1 Nf6 28.Qd6 Rd8
29.Nxg6+ Kf7 30.Ne5+ Kg8 31.Qxe6+ {#r} 1-0

[Event "Ch Germany (juniors) (under 20) (w)"]
[Site "masterchessopen.com Leipzig (Germany)"]
[Round "9"]
[White "Meissner Claudia (GER)"]
[Black "Pramann Adele (GER)"]
[Result "1-0"]
[WhiteElo "2142"]
[BlackElo "2085"]

1.d4 Nf6 2.Nf3 g6 3.g3 Bg7 4.Bg2 O-O 5.O-O d6 6.c4 Nbd7 7.Nc3 e5 8.e4 c6 9.h3
a5 10.Be3 a4 11.Qc2 Qa5 12.Rab1 Qb4 13.b3 axb3 14.axb3 exd4 15.Nxd4 Nc5 16.Qd2
Ne8 17.f4 Bxd4 18.Bxd4 Nxb3 19.Nd5 {#r} 1-0